000 00702nam a2200229 a 4500
001 BRCA_6299
005 20190320205414.0
008 040811s19361931nyu#######---#000-0#eng-#
041 _aeng
_hger
044 _anyu
050 4 _aDS117
_b.K3813 1936
100 1 _aKatzenstein, Julius
_d1890-
_915799
245 1 0 _aHistory and destiny of the Jews
_cby Josef Kastein [pseud.]; translated from the German by Huntley Paterson.
260 _aGarden City, Nueva York
_bGarden City
_c1936, c1931
300 _a464 p.
_c21 cm.
500 _aIncluye índice alfabético
500 _aK160
650 1 4 _aJudios
_vHistoria
_915800
700 1 _aPaterson, Huntley
_etr.
_915801
902 _aGFM
942 _2lcc
_cB
999 _c5985
_d5985